000 004630000a22001810004500
003 MACL
005 20151222152514.0
008 151222b xxu||||| |||| 00| 0 eng d
040 _aMACL
_cMACL
041 _aEnglish
082 _a910/SHR
100 _aShrivastava, Dr O S
_922070
245 _aTechno Economic Profile of Madhya Pradesh
260 _bVikas Publiscations
_c1985
_aIndore
350 _a300
650 _aTravel
_922071
942 _cBK
_k910/SHR
_2ddc
999 _c40793
_d40793